| 000 | 00760nam a2200181 a 4500 | ||
|---|---|---|---|
| 999 |
_c7601 _d7601 |
||
| 003 | OSt | ||
| 005 | 20211227121714.0 | ||
| 008 | A00321s1972 sp 000 spa | ||
| 016 | _aDL M9663-1972 | ||
| 040 |
_bcat _cCDMR |
||
| 100 |
_aMartínez Esteruelas, Cruz _94798 |
||
| 245 | 1 | 0 |
_aConcepto y función de la opinión pública: Conferencia en el XXV curso, organizado por la Escuela Oficial de Periodismo de Madrid, en la Universidad Internacional Menéndez Pelayo de Santander, julio 1971 / _cpor Cruz Martinez Esteruelas |
| 260 |
_aMadrid : _bPublicaciones de la Secretaría de la Escuela de Periodismo, _c1972 |
||
| 300 |
_a30 pàgines _c; 22 cm |
||
| 650 | 0 | 0 |
_aOpinió pública _92537 |
| 710 | 2 |
_aEscuela Oficial de Periodismo _92816 |
|
| 942 |
_2udc _cFULLET |
||